| 000 | 00600nam a2200181Ia 4500 | ||
|---|---|---|---|
| 999 |
_c23230 _d23230 |
||
| 003 | OSt | ||
| 005 | 20200515090754.0 | ||
| 008 | 190216s9999||||xx |||||||||||||| ||und|| | ||
| 020 | _a 9788130914428 | ||
| 040 | _coclc | ||
| 082 |
_a297.272 _bANN/I |
||
| 100 |
_aAn-Na Im, Abdullahi Ahmed _92289 |
||
| 245 | 0 |
_aIslam And The Secular State Negotiating The Future Of Shari A / _cAbdullahi Ahmed An-Na Im |
|
| 260 |
_bViva Book, _c2010. _aNew Delhi: |
||
| 300 | _a324p | ||
| 650 | 0 |
_aHistory & geography _vIslamic History _92271 |
|
| 942 |
_cBK _2ddc _h297.272 _iANN/I _k297.272 _mANN/I |
||